Statistiques concernant Personnages de Paper Mario La Porte Millénaire (Image)

Cliquez ici pour prendre le quiz!

Statistiques générales

  • Ce quiz a été pris 8 fois
  • Le résultat moyen est 49 sur 155

Statistiques - réponses

Réponse% Correct
Frère Boomerang
100%
Papy Champi
100%
Bob-omb
83%
Boo
83%
Chomp
83%
Chomp Rouge
83%
Frère Marto
83%
Kamek
83%
Kammy Koopa
83%
Paragoomba
83%
Princesse Peach
83%
Skelerex
83%
Viviane
83%
Boo Atomique
67%
Céno T
67%
Cruxéroce
67%
Goomba
67%
Hyper Paragoomba
67%
Kamek Rouge
67%
Koopek
67%
Lakitu
67%
Luigi
67%
Mario
67%
Pokey
67%
Pounita
67%
Swooper
67%
Toadette
67%
Bandit
50%
Barjo Daisy
50%
Bill Balle
50%
Bombart
50%
Bowser
50%
Bruyinsecte
50%
Cleft
50%
Cortese
50%
Cruxinistre
50%
Cumulia
50%
Fuzzy
50%
Gloomba
50%
Gloombapic
50%
Goombapic
50%
Hériss
50%
Humpf Pfff
50%
Hyper Goomba
50%
Hyper Goombapic
50%
Kamek Blanc
50%
Kamek Vert
50%
Paragloomba
50%
Professeur Goomstein
50%
Rumpel
50%
Bombill
33%
Carmina
33%
Cruxobot
33%
Cruxobot 2
33%
Frère Pyro
33%
Fuper Daisy
33%
Fuzzy Doré
33%
Général Blanc
33%
Goomélie
33%
Hériss Bleu
33%
Koopa Or
33%
Koopatrélite
33%
Koopa Troopa
33%
Koopline
33%
Marco
33%
Marilyne
33%
Matriarche des pounis
33%
Monica
33%
Occicroc
33%
Parabruyinsecte
33%
Paratroopa
33%
Paratroopa Or
33%
Pianteone
33%
Piranha Gelé
33%
Plante Piranha
33%
Pounio
33%
PtiYoshi
33%
Reine des Ténèbres
33%
Stéro Gangs
33%
Tech
33%
Toxicroc
33%
Bill Boum
17%
Bombill Boum
17%
Bomborgne
17%
Boo Noctal
17%
Bulle de lave
17%
Carbocroc
17%
Cleftlunair
17%
Cruxigris
17%
Cruxirouge
17%
Cruxitroufion
17%
Cruxivert
17%
Dark Koopa
17%
Dark Paratroopa
17%
Decleft
17%
Doyen de Penocta
17%
Elmos
17%
Feufollet
17%
Fuzzy Fleur
17%
Gold Hawk
17%
Hanya
17%
Hinya
17%
Hyper Cleft
17%
Koopak
17%
Koopa Lenvers
17%
Koopa Skelet
17%
Marjolène
17%
Méga Bloups
17%
Minicruxibleu
17%
Minicruxigris
17%
Minicruxivert
17%
Orboom
17%
Paralenvers
17%
Parapicos
17%
Picbadge
17%
Picos
17%
Picos Rouge
17%
Pingrot
17%
Piranha Kipu
17%
Python
17%
Toxic Pfff
17%
Zzzt Pfff
17%
Atone
0%
Big Bob-omb
0%
Bouledepics
0%
Brrr Pfff
0%
Chercheur
0%
Cleft Acier (Rouge)
0%
Cleft Acier (Vert)
0%
Corbolancier
0%
Cruxélite
0%
Fuzzy d'forêt
0%
Giga Bob-omb
0%
Grand Bandit
0%
Henya
0%
Hyper Decleft
0%
Koopatrouille
0%
Koopert
0%
Lakifume
0%
Lancet
0%
Magymagy
0%
Magymagyx
0%
Magyx
0%
Moahmoah
0%
Piranha Tueur
0%
Pokey Poison
0%
Pounibo
0%
Protecrux
0%
Skelangoisse
0%
Skelécarlate
0%
Sombrépic
0%
Swoopula
0%
Turantale
0%
Vampirion
0%
Zarack
0%

Distribution des résultats

Percentile par nombre de réponses

% des personnes avec chaque résultat

Votre développement - résultats

Vous n’avez pas pris ce quiz